000 00769nam a2200229 a 4500
001 13433
003 BD-JhCC
005 20230924082543.0
008 171017s20202022bg a|||| ||a| 00| 0 ben d
020 _a9789848013687
035 _a(BD-JhCC) 13433
040 _aBD-JhCC
_dBD-JhCC
041 _abengali
082 _bMAS 2022
_a297.63
100 _aমাসুম, মিনহাজুল ইসলাম
245 _aছোটদের বিশ্বনবি (সা.) /
_cমিনহাজুল ইসলাম মাসুম।
260 _aঢাকা:
_bশব্দশিল্প প্রকাশন;
_c2022.
300 _a48 p. :
_c24 cm.
651 _aThe Profeth Muhammad (sm.)
700 _aরায়,রাজিব
942 _2ddc
_cBK
999 _c13433
_d13433